| 000 | 01052nam a2200301 a 4500 | ||
|---|---|---|---|
| 001 | vtls000224811 | ||
| 003 | NLI | ||
| 005 | 20210602122535.0 | ||
| 008 | 101126s1975 gw 001 0 fre | ||
| 020 |
_a0387073973 : _cUSD 31.00 |
||
| 039 | 9 |
_y201011260159 _zVLOAD |
|
| 040 | 0 |
_aNLI _bfre _cDatasoft 1 _eAACR2 |
|
| 041 | 0 | _afre | |
| 044 | _agw | ||
| 082 | 0 | 4 | _a510.82 |
| 245 | 0 | 0 |
_aFonctions de plusieurs variables complexes II : _bSeminaire Francois Norguet, Janvier 1974-juin 1975 / _cedited by par Francois Norguet |
| 260 |
_aBerlin : _bSpringer-Verlag, _c1975 |
||
| 300 |
_aix, 367 p. ; _c25 cm. |
||
| 440 | 0 |
_aLecture notes in mathematics ; _v482 _9149639 |
|
| 500 | _aIncludes index | ||
| 650 | 0 |
_aFunctions of several complex variables _9132569 |
|
| 700 | 1 |
_aNorguet, par Francois, _d1929-, _4edt _9414147 |
|
| 887 | _a | ||
| 901 |
_a441624 _b22.02.1978 |
||
| 902 | _aE/O 510.82 L 497 no.482 | ||
| 999 |
_aVIRTUA40 _c227635 _d227635 |
||
| 942 |
_2ddc _cBKS |
||
| 999 | _aVTLSSORT0080*0200*0400*0410*0440*0820*2450*2600*3000*4400*5000*6500*7000*9010*9020*9490*9991 | ||